Основы экологической геохимии: термины, понятия, законы: учебник и практикум для бакалавриата и магистратуры

Dades bibliogràfiques
Autor principal: Алексеенко В. А. Владимир Алексеевич
Autor corporatiu: Российский государственный профессионально-педагогический университет Нижнетагильский государственный социально-педагогический институт
Altres autors: Жуйкова Т. В. Татьяна Валерьевна, Швыдкая Н. В. Наталья Владимировна
Sumari:Изложены основные эколого-геохимические, собственно геохимические и биогеохимические термины и понятия. Большое внимание уделено эколого-биологическим терминам и понятиям. Введены важнейшие показатели, используемые для оценки геохимических систем и происходящих в них изменений, а также понятия, связанные с миграцией химических элементов. Значительное внимание уделено геохимическим барьерам и главным особенностям геохимических систем биосферы, в том числе геохимических ландшафтов. Рассматриваются основные закономерности, правила и законы, установленные к настоящему времени при изучении ряда наук, относимых к естественным. Представлен ряд положений, законов и закономерностей, на которые необходимо опираться при рассмотрении экологических, эколого-геохимических проблем. Для студентов высших учебных заведений, обучающихся по направлению подготовки "Педагогическое образование" по профилям "Экология", "Биология", "Химия", "Безопасность жизнедеятельности", магистрантов, аспирантов, научных работников, преподавателей вузов. Книга может быть полезна педагогам общеобразовательных учреждений и дополнительного образования, а также всем, кого интересуют проблемы экологический геохимии.
Idioma:rus
Publicat: Нижний Тагил, Изд-во Нижнетагильского государственного социально-педагогического ин-та, 2019
Matèries:
Format: MixedMaterials Llibre
KOHA link:https://koha.lib.tpu.ru/cgi-bin/koha/opac-detail.pl?biblionumber=346536

MARC

LEADER 00000nam0a2200000 4500
001 346536
005 20231102005910.0
010 |a 9785829903862 
035 |a (RuTPU)RU\TPU\book\378417 
090 |a 346536 
100 |a 20211007d2019 m y0rusy50 ca 
101 0 |a rus 
102 |a RU 
105 |a y j 001zy 
200 1 |a Основы экологической геохимии: термины, понятия, законы  |e учебник и практикум для бакалавриата и магистратуры  |f В. А. Алексеенко, Т. В. Жуйкова, Н. В. Швыдкая  |g Российский государственный профессионально-педагогический университет. Нижнетагильский государственный социально-педагогический институт 
210 |a Нижний Тагил  |c Изд-во Нижнетагильского государственного социально-педагогического ин-та  |d 2019 
215 |a 336 с. 
320 |a Библиогр.: с. 290-297 
330 |a Изложены основные эколого-геохимические, собственно геохимические и биогеохимические термины и понятия. Большое внимание уделено эколого-биологическим терминам и понятиям. Введены важнейшие показатели, используемые для оценки геохимических систем и происходящих в них изменений, а также понятия, связанные с миграцией химических элементов. Значительное внимание уделено геохимическим барьерам и главным особенностям геохимических систем биосферы, в том числе геохимических ландшафтов. Рассматриваются основные закономерности, правила и законы, установленные к настоящему времени при изучении ряда наук, относимых к естественным. Представлен ряд положений, законов и закономерностей, на которые необходимо опираться при рассмотрении экологических, эколого-геохимических проблем. Для студентов высших учебных заведений, обучающихся по направлению подготовки "Педагогическое образование" по профилям "Экология", "Биология", "Химия", "Безопасность жизнедеятельности", магистрантов, аспирантов, научных работников, преподавателей вузов. Книга может быть полезна педагогам общеобразовательных учреждений и дополнительного образования, а также всем, кого интересуют проблемы экологический геохимии. 
606 1 |a Экологическая геохимия  |2 stltpush  |3 (RuTPU)RU\TPU\subj\72093  |9 85680 
610 1 |a эколого-геохимические исследования 
610 1 |a химические элементы 
610 1 |a минералы 
610 1 |a горные породы 
610 1 |a геохимические системы 
610 1 |a эколого-биологические понятия 
610 1 |a термины 
610 1 |a понятия 
610 1 |a геохимические барьеры 
610 1 |a геохимические ландшафты 
610 1 |a литосфера 
610 1 |a распространение 
610 1 |a распределение 
610 1 |a концентрация 
610 1 |a биокосные системы 
610 1 |a биологические системы 
610 1 |a геохимия 
610 1 |a экология 
610 1 |a учебники 
675 |a 550.4(075.8)  |v 4 
700 1 |a Алексеенко  |b В. А.  |g Владимир Алексеевич 
701 1 |a Жуйкова  |b Т. В.  |g Татьяна Валерьевна 
701 1 |a Швыдкая  |b Н. В.  |g Наталья Владимировна 
712 0 2 |a Российский государственный профессионально-педагогический университет  |b Нижнетагильский государственный социально-педагогический институт  |c (Нижний Тагил)  |2 stltpush  |3 (RuTPU)RU\TPU\col\27838 
801 1 |a RU  |b 63413507  |c 20211007 
801 2 |a RU  |b 63413507  |c 20220204  |g RCR 
942 |c BK